| 000 | 01246nam a2200373 a 4500 | ||
|---|---|---|---|
| 001 | 26114 | ||
| 003 | CO-ViMGA | ||
| 005 | 20230915232147.0 | ||
| 006 | Mimo0002265580 | ||
| 008 | 141112s2004 ck r 000 u spa d | ||
| 016 | _abimoBNE20070599452 SpMaBN | ||
| 017 | _aB 18916 - 2002 Oficina Depósito Legal Barcelona | ||
| 020 | _a8426132391 | ||
| 035 | _a(OCoLC)434471836 | ||
| 040 |
_aCO-ViMGA _bspa _cCO-ViMGA |
||
| 041 | _aspa ger | ||
| 080 | _a087.5 : 82 | ||
| 082 | 0 | 4 | _a838 K17d |
| 100 | 1 |
_aKastner, Erich 1899 - 1974 _940763 |
|
| 240 | _aDas doppelte Lottchen Español | ||
| 245 | 1 | 0 |
_aLas dos Carlotas / _cErich Kastner ; ilustraciones de Walter Trier ; traducción de Pilar Guerra |
| 250 | _a1a. ed. en este formato | ||
| 260 | _aBarcelona Juventud 2002 | ||
| 300 | _a159 p. il. 22 cm | ||
| 490 | _aColección Juventud | ||
| 594 | _aTraducción de : Das doppelte Lottchen | ||
| 650 | 1 | 4 | _aCuentos alemanes |
| 700 | 1 |
_aTrier, Walter _940764 |
|
| 830 |
_aJuventud (Editorial Juventud) _940765 |
||
| 926 | _aBNALCALA SG_PETANTI 12/448583 FONDO_MODE 1 | ||
| 942 |
_2ddc _cBK |
||
| 956 | _a2 | ||
| 980 | _a017. B 18916 - 2002 020. 84 - 261 - 3239 - 1 852. 40 M - BN BNALCALA MO05218326 12/448583 DG ALCALA | ||
| 999 |
_c33334 _d33334 |
||